| 000 | 00414nam a2200145Ia 4500 | ||
|---|---|---|---|
| 008 | 150509s9999 xx 000 0 und d | ||
| 082 | _a320.9678SHI | ||
| 100 | _aShivji, I.G. ed | ||
| 245 | _aTourism and Socialist development | ||
| 260 | _aDar es Salaam: | ||
| 260 | _bTanzania Publishing House, | ||
| 260 | _c1973 | ||
| 300 | _axi, 97p., 18cm | ||
| 650 | _aPolitical conditions, TanzaniaTanzania Studies, No.3 T. | ||
| 999 |
_c7472 _d7472 |
||